Pensar la ciutat des de l'educació : document del seminari Projecte educatiu de ciutat, curs 97/98 / document del seminari Projecte educatiu de ciutat, curs 97/98 /
Descripción Física:
124 p. ; 24 cm
Colección:
Temes d'educació
; 12
Otros Autores:
Bosch, Carme
Idioma:
Catalán
MARC
| LEADER | 00000nam a2200000Ia 4500 | ||
|---|---|---|---|
| 001 | 12088 | ||
| 003 | Arxiu | ||
| 005 | 20260324175728.0 | ||
| 008 | 160829s1998 spc xx s cat c | ||
| 040 | |a AGDB | ||
| 080 | |a E-1-68 | ||
| 245 | 1 | 0 | |a Pensar la ciutat des de l'educació : |b document del seminari Projecte educatiu de ciutat, curs 97/98 / |c coordinadors del seminari i redacció del document final: Carme Bosch ... [et al.] |
| 260 | |a Barcelona : |b Diputació de Barcelona, Àrea d'Educació, |c 1998 | ||
| 300 | |a 124 p. ; |c 24 cm | ||
| 490 | 1 | |a Temes d'educació ; |v 12 | |
| 590 | |a També en castellà: E-1-69 | ||
| 650 | |a Projecte educatiu de ciutat |9 39276 | ||
| 650 | |a Educació |9 25969 | ||
| 650 | 0 | |a Municipis |x Govern i administració |9 22275 | |
| 700 | 1 | |a Bosch, Carme |9 39278 | |
| 710 | |a Barcelona (Catalunya : Província). |b Àrea d'Educació |9 8009 | ||
| 830 | 0 | |9 56036 |a Temes d'educació |v 12 | |
| 901 | |a Arxiu | ||
| 942 | |n 1 |2 udc | ||
| 952 | |0 0 |1 0 |4 0 |6 E168 |7 1 |9 48907 |a Arxiu |b Arxiu |d 2016-12-01 |l 0 |o E-1-68 |p 12088 |r 2016-12-01 00:00:00 |w 2016-12-01 |y ARXIU | ||
| 999 | |c 52742 |d 52742 | ||